000 00824nam a22001935i 4500
001 163578
003 ES-MaACL
005 20230906212753.0
008 020906s1894 sp |||| | spa d
100 1 _aRivadulla y Sánchez, Ramón.
_9131855
245 1 0 _aMonografía de la glicerina /
_ctesis para aspirar al grado de doctor presentada por Ramón Rivadulla y Sánchez.
260 _aLeón :
_b[s.n.],
_c1894 (
_fimp. de los herederos de Miñón)
300 _a69 p. ;
_c20 cm.
502 _aTesis-Univ. Central (Madrid), Facultad de Farmacia, 1894.
594 _aPrecede al tít.: Facultad de Farmacia.
650 4 _aGlicerina.
_9171203
710 2 _aUniversidad Central (Madrid).
_bFacultad de Farmacia.
_97091
852 _aES-MaACL
_jT-859-F-1
_z- Enc. hol. conservando cub. original
_z- Enc. en un vol. facticio
999 _c163578
_d163578